000 00556nam a2200205 4500
001 136191
003 ES-MaACL
005 20230906195045.0
007 t|
008 070214s1969 sp r ||||1| cat d
100 1 _aSabaté, Modesto.
_9101167
245 1 0 _aHistoria de la lliga /
_cModesto Sabaté.
250 _a1ª. ed.
260 _aBarcelona :
_bBruguera,
_c1969.
300 _a106 p. ;
_c18 cm.
490 1 _aQuaderns de cultura
830 0 _aQuaderns de cultura
_9181826
852 _aES-MaACL
_jC-36318
_bR.68675
999 _c136191
_d136191